Práctica de los fluidos térmicos: vapor, agua caliente, agua sobrecalentada, aceite térmico
Furkejuvvon:
| Váldodahkki: | |
|---|---|
| Materiálatiipa: | Girji |
| Giella: | espánnjágiella |
| Almmustuhtton: |
Barcelona
Marcombo
1979
|
| Fáttát: | |
| Fáddágilkorat: |
Lasit fáddágilkoriid
Eai fáddágilkorat, Lasit vuosttaš fáddágilkora!
|
MARC
| LEADER | 00000nam a2200000 a 4500 | ||
|---|---|---|---|
| 001 | UCP2928 | ||
| 003 | CL-VaPUC | ||
| 008 | 990604e19790000SP |||||||||||||||||spa|d | ||
| 082 | 0 | 4 | |a 620.106 |b MAR |2 21 |
| 100 | |a Martí Míquel, Celedonio |e autor |9 429937 | ||
| 245 | 1 | 0 | |a Práctica de los fluidos térmicos: vapor, agua caliente, agua sobrecalentada, aceite térmico |
| 300 | |a 188 p | ||
| 942 | |c BK | ||
| 945 | |d 19990604 00:00:00 |a cmena | ||
| 260 | |a Barcelona |b Marcombo |c 1979 | ||
| 650 | 0 | |a Mecánica de fluidos |9 259464 | |
| 650 | 0 | |a Ingeniería mecánica |9 262089 | |
| 650 | 7 | |a ENERGIA DE FLUIDOS |2 CL-VaPUC |9 348404 | |
| 650 | 0 | |a Motores |9 334293 | |
| 650 | 0 | |a Termodinámica |9 259320 | |
| 650 | 0 | |a Agua |9 257149 | |
| 583 | |a last modification |c 19990604 00:00:00 |k Rodrigo Vera | ||
| 999 | |c 281392 |d 281390 | ||